000
00295nam a22001097a 4500
999
_c
4236
_d
4236
008
250128b ||||| |||| 00| 0 eng d
020
_a
9780753440582
082
_a
932 STE
100
_a
STEELE,PHILIP
_e
PHILIP STEELE
245
_a
PYRAMIDS WERE BUILT
942
_2
ddc
_h
932 STE